| 000 | 00572nam a2200205 i 4500 | ||
|---|---|---|---|
| 001 | 38341 | ||
| 003 | ES-MaACL | ||
| 005 | 20250513063017.0 | ||
| 007 | t| | ||
| 008 | 030225s1839 cu ||||1| spa d | ||
| 100 | 1 |
_aCalderón de la Barca, Pedro, _d1600-1681 _eaut _9239594 |
|
| 245 | 1 | 4 |
_aLas comedias / _cde Calderón de la Barca. |
| 250 | _aEdición cubana corr. y aum. | ||
| 260 |
_aLa Habana : _bR. Oliva, _c1839. |
||
| 300 |
_a2 t. en 1 v. ; _c22 cm. |
||
| 650 | 1 | 4 |
_a _9239521 |
| 852 |
_aES-MaACL _jG-9370 |
||
| 942 | _2udc | ||
| 999 |
_c38341 _d38341 |
||